00241nam a2200097Ia 4500008004100000082001200041100001800053245005300071260000900124300001000133190415s9999 xx 000 0 und d aRI.0015 aIsaac, George 0aWomen workers in the tea industry in South India c1986 a122p.